000 00413nam a2200169Ia 4500
008 230524s9999 xx 000 0 und d
020 _a812031151.5
082 _a4.61
_bBIL
100 _aBill Hatfield
_95156
245 0 _aDeveloping Power Builder 5 Applications
250 _a4TH
260 _aNEW DELHI
_bPHI
_c1997
300 _aXXXV;817
500 _aQuantity Number: 1
650 _aComp-Sc
942 _cBK
999 _c7204
_d7204